Sea-bed energy and mineral resources and the law of the sea (Record no. 88731)

MARC details
000 -LEADER
fixed length control field 00915cam a2200253 4500
008 - FIXED-LENGTH DATA ELEMENTS--GENERAL INFORMATION
fixed length control field 090401t xxu||||| |||| 00| 0 eng d
020 ## - INTERNATIONAL STANDARD BOOK NUMBER
International Standard Book Number 0860104605
035 ## - SYSTEM CONTROL NUMBER
System control number (Sirsi) u25404
041 ## - LANGUAGE CODE
Language code of text/sound track or separate title eng
050 ## - LIBRARY OF CONGRESS CALL NUMBER
Classification number 341.448
-- 18
100 ## - MAIN ENTRY--PERSONAL NAME
Personal name Brown, E. D.
245 ## - TITLE STATEMENT
Title Sea-bed energy and mineral resources and the law of the sea
260 ## - PUBLICATION, DISTRIBUTION, ETC.
Place of publication, distribution, etc. London
Name of publisher, distributor, etc. Graham and Trotman
Date of publication, distribution, etc. 1984-86
300 ## - PHYSICAL DESCRIPTION
Extent 3
Type of unit v.
Other physical details ill., maps
Dimensions 24cm.
350 ## - PRICE (NR) (BK AM CF MU VM SE) [OBSOLETE]
Price 120
505 ## - FORMATTED CONTENTS NOTE
Formatted contents note The areas with national jurisdiction
505 ## - FORMATTED CONTENTS NOTE
Formatted contents note The area beyond the limits of national jurisdiction
505 ## - FORMATTED CONTENTS NOTE
Formatted contents note Selected documents, tables and bibliography
520 ## - SUMMARY, ETC.
Summary, etc. Comprehensive guide to international law and agreements surrounding the extraction of minerals from the sea bed.
650 ## - SUBJECT ADDED ENTRY--TOPICAL TERM
Topical term or geographic name entry element UNITED NATIONS CONVENTION ON THE LAW OF THE SEA
690 ## - LOCAL SUBJECT ADDED ENTRY--TOPICAL TERM (OCLC, RLIN)
Topical term or geographic name as entry element PROPERTY-RURAL AND NATURAL ASSETS-MARINE RESOURCES
942 ## - ADDED ENTRY ELEMENTS (KOHA)
Suppress in OPAC 0
948 ## - LOCAL PROCESSING INFORMATION (OCLC); SERIES PART DESIGNATOR (RLIN)
c (OCLC) 04/03/1997
Holdings
Withdrawn status Lost status Source of classification or shelving scheme Damaged status Not for loan Home library Current library Shelving location Date acquired Cost, normal purchase price Total Checkouts Full call number Barcode Date last seen Copy number Cost, replacement price Price effective from Koha item type
    Dewey Decimal Classification     London London Books 14/09/1999 120.00   341.448 30003476 06/08/2019 1 120.00 06/08/2019 Book